Statistics for Best Rappers - Poll

Click here to take the quiz!

General Stats

  • This quiz has been taken 75 times
    (18 since last reset)
  • The average score is 51 of 246

Answer Stats

RapperRapper% Correct
50 Cent50 Cent
75%
21 Savage21 Savage
69%
Andre 3000Andre 3000
69%
ASAP RockyASAP Rocky
69%
DrakeDrake
69%
DaBabyDaBaby
63%
EminemEminem
63%
Kanye WestKanye West
63%
Kendrick LamarKendrick Lamar
63%
Lil WayneLil Wayne
63%
Dr DreDr Dre
56%
Ice CubeIce Cube
56%
Jay-ZJay-Z
56%
Snoop DoggSnoop Dogg
56%
Travis ScottTravis Scott
56%
Chief KeefChief Keef
50%
Juice WrldJuice Wrld
50%
Kid CudiKid Cudi
50%
Lil BLil B
50%
Lil Nas XLil Nas X
50%
Mac MillerMac Miller
50%
NasNas
50%
The Notorious BigThe Notorious Big
50%
Tupac ShakurTupac Shakur
50%
2 Chainz2 Chainz
44%
Baby KeemBaby Keem
44%
Busta RhymesBusta Rhymes
44%
Denzel CurryDenzel Curry
44%
FutureFuture
44%
Lil BabyLil Baby
44%
Lil Uzi VertLil Uzi Vert
44%
Offset (Migos )Offset
44%
Pop SmokePop Smoke
44%
Post MalonePost Malone
44%
Quavo ( Migos )Quavo
44%
Takeoff ( Migos )Takeoff
44%
AkonAkon
38%
Cardi BCardi B
38%
DMXDMX
38%
Eazy EEazy E
38%
GZA ( Wu-Tang Clan )GZA
38%
J. ColeJ. Cole
38%
JIDJID
38%
Ms. Lauryn HillMs. Lauryn Hill
38%
Pusha TPusha T
38%
Q-TipQ-Tip
38%
Raekwon ( Wu-Tang Clan )Raekwon
38%
XXXTentacionXXXTentacion
38%
Young ThugYoung Thug
38%
AZAZ
31%
Benny the Butcher ( Griselda )Benny the Butcher
31%
Big SeanBig Sean
31%
B-Real ( Cypress Hill )B-Real
31%
Chance the RapperChance the Rapper
31%
Childish GambinoChildish Gambino
31%
CoolioCoolio
31%
Don ToliverDon Toliver
31%
Earl SweatshirtEarl Sweatshirt
31%
Flo RidaFlo Rida
31%
Frank OceanFrank Ocean
31%
Lil DurkLil Durk
31%
LogicLogic
31%
Lupe FiascoLupe Fiasco
31%
Meek MillMeek Mill
31%
Nicki MinajNicki Minaj
31%
Playboy CartiPlayboy Carti
31%
Rick RossRick Ross
31%
RZA ( Wu-Tang Clan )RZA
31%
The GameThe Game
31%
38 Spesh38 Spesh
25%
6LACK6LACK
25%
Bhad BhabieBhad Bhabie
25%
Black ThoughtBlack Thought
25%
B.o.B.B.o.B.
25%
BoogieBoogie
25%
Conway the Machine ( Griselda )Conway the Machine
25%
Danny BrownDanny Brown
25%
Fat JoeFat Joe
25%
Ghostface Killah ( Wu-Tang Clan )Ghostface Killah
25%
Gucci ManeGucci Mane
25%
Iggy AzaleaIggy Azalea
25%
Killer MikeKiller Mike
25%
Kodak BlackKodak Black
25%
Lil YachtyLil Yachty
25%
LL Cool JLL Cool J
25%
Method Man ( Wu-Tang Clan )Method Man
25%
MF DoomMF Doom
25%
Nipsey HussleNipsey Hussle
25%
Ol' Dirty Bastard ( Wu-Tang Clan )Ol' Dirty Bastard
25%
RakimRakim
25%
Swae LeeSwae Lee
25%
Tech N9neTech N9ne
25%
T.I.T.I.
25%
Tory LanezTory Lanez
25%
Ty Dolla SignTy Dolla Sign
25%
TygaTyga
25%
Westside Gunn ( Griselda )Westside Gunn
25%
Wiz KhalifaWiz Khalifa
25%
AstroAstro
19%
Chris BrownChris Brown
19%
CommonCommon
19%
DaxDax
19%
Doja CatDoja Cat
19%
DreDre
19%
EveEve
19%
Ice-TIce-T
19%
JadakissJadakiss
19%
Juicy JJuicy J
19%
Lil KimLil Kim
19%
Lil PeepLil Peep
19%
Lil PumpLil Pump
19%
Lil SkiesLil Skies
19%
Lil XanLil Xan
19%
LudacrisLudacris
19%
Masta Killa ( Wu-Tang Clan )Masta Killa
19%
MC Ren ( N.W.A. )MC Ren
19%
Missy ElliottMissy Elliott
19%
Mos DefMos Def
19%
NFNF
19%
Proof ( D12 )Proof
19%
QuadecaQuadeca
19%
RedmanRedman
19%
Remy MaRemy Ma
19%
RussRuss
19%
ScarfaceScarface
19%
Slick RickSlick Rick
19%
StormzyStormzy
19%
Trippie ReddTrippie Redd
19%
TwistaTwista
19%
UsherUsher
19%
YBN CordaeYBN Cordae
19%
Adam CalhounAdam Calhoun
13%
Armani CaesarArmani Caesar
13%
BenzinoBenzino
13%
Bizarre ( D12 )Bizarre
13%
BluefaceBlueface
13%
CanibusCanibus
13%
CappadonnaCappadonna
13%
CasanovaCasanova
13%
Chuck DChuck D
13%
Dave EastDave East
13%
DesiignerDesiigner
13%
Fivio ForeignFivio Foreign
13%
G-EazyG-Eazy
13%
HopsinHopsin
13%
Inspectah Deck ( Wu-Tang Clan )Inspectah Deck
13%
Jake PaulJake Paul
13%
Ja RuleJa Rule
13%
John CenaJohn Cena
13%
Joyner LucasJoyner Lucas
13%
KRS-OneKRS-One
13%
Lil DickyLil Dicky
13%
Lil JonLil Jon
13%
Lil TayLil Tay
13%
Logan PaulLogan Paul
13%
MC HammerMC Hammer
13%
MursMurs
13%
Queen LatifahQueen Latifah
13%
Slim JesusSlim Jesus
13%
Talib KweliTalib Kweli
13%
Tee GrizzleyTee Grizzley
13%
U-GodU-God
13%
Vince StaplesVince Staples
13%
Westside BoogieWestside Boogie
13%
Will SmithWill Smith
13%
Young M.A.Young M.A.
13%
Bishop LamontBishop Lamont
6%
CashisCashis
6%
Chris WebbyChris Webby
6%
CryptCrypt
6%
Drag-OnDrag-On
6%
Famous DexFamous Dex
6%
Foxy BrownFoxy Brown
6%
French MontanaFrench Montana
6%
Gangsta BooGangsta Boo
6%
GripGrip
6%
HeemHeem
6%
Hi-RezHi-Rez
6%
Joe BuddenJoe Budden
6%
Kidd KiddKidd Kidd
6%
Kid RockKid Rock
6%
KuruptKurupt
6%
Lil BlurryLil Blurry
6%
Lil CeaseLil Cease
6%
Lil MoseyLil Mosey
6%
Machine Gun KellyMachine Gun Kelly
6%
Mac LethalMac Lethal
6%
MerkulesMerkules
6%
Mike Shinoda ( Fort Minor, Linkin Park )Mike Shinoda
6%
Mike TysonMike Tyson
6%
Mr. Porter ( D12 )Mr. Porter
6%
MystikalMystikal
6%
Nick CannonNick Cannon
6%
RittzRittz
6%
Royce Da 5'9 ( Bad Meets Evil, Slaughterhouse )Royce Da 5'9
6%
Scru Face JeanScru Face Jean
6%
Snow Tha ProductSnow Tha Product
6%
Swifty McVay ( D12 )Swifty McVay
6%
Takbir Bashir ( Fort Minor )Takbir Bashir
6%
The Madd RapperThe Madd Rapper
6%
TokenToken
6%
Tony Yayo ( G-Unit )Tony Yayo
6%
Too ShortToo Short
6%
Vin JayVin Jay
6%
Waka Flocka FlameWaka Flocka Flame
6%
Wide NeckWide Neck
6%
XzibitXzibit
6%
Cuban LinkCuban Link
0%
Daddy Long NeckDaddy Long Neck
0%
DenaceDenace
0%
DJ PaulDJ Paul
0%
FuturisticFuturistic
0%
Grand Puba ( Brand Nubian )Grand Puba
0%
Jaden SmithJaden Smith
0%
Jim JonesJim Jones
0%
Joell Ortiz ( Slaughterhouse )Joell Ortiz
0%
Katie NoelKatie Noel
0%
Kid VishisKid Vishis
0%
King GordyKing Gordy
0%
Kuniva ( D12 )Kuniva
0%
KXNG Crooked ( Slaughterhouse )KXNG Crooked
0%
LazarusLazarus
0%
Lloyd BanksLloyd Banks
0%
Lord Jamar ( Brand Nubian )Lord Jamar
0%
MadchildMadchild
0%
Math HoffaMath Hoffa
0%
Mike StudMike Stud
0%
MoxasMoxas
0%
Nova RockafellerNova Rockafeller
0%
Obie TriceObie Trice
0%
Ryan UpchurchRyan Upchurch
0%
Sadat X ( Grand Nubian )Sadat X
0%
SaigonSaigon
0%
Sheek LouchSheek Louch
0%
Stat QuoStat Quo
0%
Stevie StoneStevie Stone
0%
Styles PStyles P
0%
Tate228Tate228
0%
Tom MacDonaldTom MacDonald
0%
TreachTreach
0%
Trick TrickTrick Trick
0%
Uncle MurdaUncle Murda
0%
Vanilla IceVanilla Ice
0%
V-NastyV-Nasty
0%
YelawolfYelawolf
0%
Young Buck ( G-Unit )Young Buck
0%

Score Distribution

Percentile by Number Answered

Percent of People with Each Score

Your Score History

You have not taken this quiz since the last reset